Intenciones en arquitectura
Uloženo v:
| Hlavní autor: | |
|---|---|
| Médium: | Kniha |
| Jazyk: | španělština |
| Vydáno: |
Barcelona
Gustavo Gili SL
2008
|
| Vydání: | 1a. ed |
| Edice: | GG Reprints
|
| Témata: | |
| Tagy: |
Přidat tag
Žádné tagy, Buďte první, kdo vytvoří štítek k tomuto záznamu!
|
MARC
| LEADER | 00000cam a2200000 a 4500 | ||
|---|---|---|---|
| 001 | UCE0786 | ||
| 003 | CL-VaPUC | ||
| 008 | 140307e20080000sp |||||||||||||||||spa|d | ||
| 020 | |a 9788425217500 | ||
| 082 | 0 | 4 | |a 724.6 |b NOR |2 21 |
| 100 | |a Norberg-Schulz, Christian |e autor |9 333215 | ||
| 245 | 1 | 0 | |a Intenciones en arquitectura |
| 250 | |a 1a. ed | ||
| 300 | |a 240 p | ||
| 942 | |c BK | ||
| 945 | |d 20140307 11:03:00 |a dcastane | ||
| 260 | |a Barcelona |b Gustavo Gili SL |c 2008 | ||
| 650 | 0 | |a Arquitectura moderna |9 265021 | |
| 650 | 0 | |a Arquitectura |y Siglo 20 |9 266208 | |
| 650 | 0 | |a Filosofía de la arquitectura |9 267382 | |
| 583 | |a last modification |c 20140307 11:03:00 |k Rodrigo Vera | ||
| 490 | 0 | |a GG Reprints | |
| 999 | |c 354814 |d 354812 | ||
| 952 | |0 0 |1 0 |3 erb |4 0 |6 724_600000000000000_NOR_2008 |7 0 |8 A |9 461003 |a BIBARQ |b BIBARQ |i 5060117 |l 9 |m 1 |o 724.6 NOR 2008 |p 5060117 |r 2025-01-20 |s 2024-04-08 |w 2019-11-23 |y BK |z Catalogado en:20140307 |k ARQ | ||